Kresťan časopis pre pestovanie duchovného života

Bibliographic Details
Format: Journal
Language:Slovak
PhysicalDescription:zv. 16-25 cm
Published: Bratislava Kresťanský sbor bratský 1948-
Bratislava Kresťanský zbor v Bratislave
ISSN:1336-5142
Subjects:
Online Access:https://www.kzbratislava.sk/index.php?page=3792

MARC

LEADER 00000cas a2200000 a 4500
001 vtls008688900
003 SK-MaSNL
005 20260228155854.0
008 060406c19489999xo fr p 0 b0slo
022 |a 1336-5142 
040 |a SVKPO  |b slo  |c SVKPO  |d SNK  |d SVKBB  |d SAVUK  |e AACR2 
041 0 |a slo 
044 |a xo  |c SK 
072 7 |a 2  |x Náboženstvo  |2 konspekt 
072 |a 27-5  |x Liturgia. Kresťanské umenie a symbolika. Duchovný život  |2 konspekt 
080 |a 2-584  |2 2011 
080 |a 050  |2 2011 
080 |a 27-584  |2 2011 
080 |a 2(051)  |2 2011 
210 0 |a Kresťan 
222 0 |a Kresťan 
245 0 0 |a Kresťan  |b časopis pre pestovanie duchovného života 
260 |a Bratislava  |b Kresťanský sbor bratský  |c 1948- 
260 3 |3 2004-  |a Bratislava  |b Kresťanský zbor v Bratislave 
300 |a zv.  |c 16-25 cm 
310 |a 2x ročne  |b 2004- 
321 |a 1x mesačne  |b 1948-1950 
362 0 |a Roč. 1, č. 1 (1948)-roč. 3, č. 12 (1950) ; roč. 4, č. 1 (máj 2004)- 
500 |a V rokoch 1951-2003 časopis nevychádzal 
500 |a R. 1/1948-3/1950 vychádzal vo formáte 16 x 22 cm 
500 |a R. 2007-2008 majú rovnaký roč. 7, r. 2010 zlé číslovanie ročníka 
500 |a Registračné č.: EV 1768/2008 
500 |a Podnázov v tiráži: časopis Kresťanského zboru Bratislava 
650 0 7 |a duchovný život  |2 SNKPH  |9 1807 
650 0 7 |a kresťanský život  |2 SNKPH  |9 1808 
655 7 |a náboženské časopisy  |2 SNKPH  |9 70790 
856 4 1 |u https://www.kzbratislava.sk/index.php?page=3792 
910 |a snk 
916 |a 1948-1950, 2004-2013, 2014-2016, 2017-2020, 2021 
999 |c 783  |d 783 
952 |0 0  |1 0  |4 0  |7 0  |8 0  |a SNK  |b SNK  |d 2021-10-21  |f 1  |i snk2021/16256  |l 0  |o snkČSC 500/17/2017  |p 17A1461180  |r 2026-02-21 19:59:43  |t č. 26-27  |w 2026-02-21  |y PREZ 
952 |0 0  |1 0  |4 0  |7 0  |8 0  |a SNK  |b SNK  |d 2021-10-21  |f 1  |i snk2021/16257  |l 0  |o snkČSC 500/18/2018  |p 17A1461181  |r 2026-02-21 19:59:43  |t č. 28-29  |w 2026-02-21  |y PREZ 
952 |0 0  |1 0  |4 0  |7 0  |8 0  |a SNK  |b SNK  |d 2021-10-21  |f 1  |i snk2021/16259  |l 0  |o snkČSC 500/19/2019  |p 17A1461182  |r 2026-02-21 19:59:43  |t č. 30-31  |w 2026-02-21  |y PREZ 
952 |0 0  |1 0  |4 0  |7 0  |8 0  |a SNK  |b SNK  |d 2021-10-21  |f 1  |i snk2021/16261  |l 0  |o snkČSC 500/20/2020  |p 17A1461183  |r 2026-02-21 19:59:43  |t č. 32-33  |w 2026-02-21  |y PREZ 
952 |0 0  |1 0  |4 0  |7 0  |8 0  |a SNK  |b SNK  |d 2023-02-09  |i snk2023/2415  |l 0  |o snkČSC 500/21/2021  |p 17A1465493  |r 2026-02-21 20:02:43  |t č. 34-35  |w 2026-02-21  |y PREZ 
952 |0 0  |1 0  |4 0  |7 0  |8 0  |a SNK  |b SNK  |d 2023-02-03  |i snk2023/2109  |l 0  |o snkČSC 500/17/2017 D1  |p 17A1465410  |r 2026-02-21 20:10:47  |t č. 26-27  |w 2026-02-21  |y PREZ 
952 |0 0  |1 0  |4 0  |7 0  |8 0  |a SNK  |b SNK  |d 2023-02-03  |i snk2023/2110  |l 0  |o snkČSC 500/18/2018 D1  |p 17A1465411  |r 2026-02-21 20:10:47  |t č. 28-29  |w 2026-02-21  |y PREZ 
952 |0 0  |1 0  |4 0  |7 0  |8 0  |a SNK  |b SNK  |d 2023-02-03  |i snk2023/2111  |l 0  |o snkČSC 500/19/2019 D1  |p 17A1465412  |r 2026-02-21 20:10:47  |t č. 30-31  |w 2026-02-21  |y PREZ 
952 |0 0  |1 0  |4 0  |7 0  |8 0  |a SNK  |b SNK  |d 2023-02-03  |i snk2023/2112  |l 0  |o snkČSC 500/20/2020 D1  |p 17A1465413  |r 2026-02-21 20:10:47  |t č. 32-33, neúplné  |w 2026-02-21  |y PREZ  |z Chýba č. 33 
952 |0 0  |1 0  |4 0  |7 0  |8 0  |a SNK  |b SNK  |d 2014-05-14  |f 1  |i snk2014/11321  |l 0  |o snkČSC 500/5/2005  |p 17A1088032  |r 2026-02-21 21:03:21  |t č. 3-4  |w 2026-02-21  |y PREZ 
952 |0 0  |1 0  |4 0  |7 0  |8 0  |a SNK  |b SNK  |d 2014-05-14  |i snk2014/11322  |l 0  |o snkČSC 500/5/2005 D1  |p 17A1088033  |r 2026-02-21 21:03:21  |t č. 3-4  |w 2026-02-21  |y PREZ 
952 |0 0  |1 0  |4 0  |7 0  |8 0  |a SNK  |b SNK  |d 2014-05-14  |f 1  |i snk2014/11323  |l 0  |o snkČSC 500/6/2006  |p 17A1088034  |r 2026-02-21 21:03:21  |t č. 5-6  |w 2026-02-21  |y PREZ 
952 |0 0  |1 0  |4 0  |7 0  |8 0  |a SNK  |b SNK  |d 2014-05-14  |i snk2014/11324  |l 0  |o snkČSC 500/6/2006 D1  |p 17A1088035  |r 2026-02-21 21:03:22  |t č. 5-6  |w 2026-02-21  |y PREZ 
952 |0 0  |1 0  |4 0  |7 0  |8 0  |a SNK  |b SNK  |d 2014-05-14  |f 1  |i snk2014/11325  |l 0  |o snkČSC 500/7/2007  |p 17A1088036  |r 2026-02-21 21:03:22  |t č. 7-8  |w 2026-02-21  |y PREZ 
952 |0 0  |1 0  |4 0  |7 0  |8 0  |a SNK  |b SNK  |d 2014-05-14  |i snk2014/11326  |l 0  |o snkČSC 500/7/2007 D1  |p 17A1088037  |r 2026-02-21 21:03:22  |t č. 7-8  |w 2026-02-21  |y PREZ 
952 |0 0  |1 0  |4 0  |7 0  |8 0  |a SNK  |b SNK  |d 2014-05-14  |f 1  |i snk2014/11327  |l 0  |o snkČSC 500/8[7]/2008  |p 17A1088038  |r 2026-02-21 21:03:22  |t č. 9-10  |w 2026-02-21  |y PREZ 
952 |0 0  |1 0  |4 0  |7 0  |8 0  |a SNK  |b SNK  |d 2014-05-14  |i snk2014/11329  |l 0  |o snkČSC 500/8[7]/2008 D1  |p 17A1088039  |r 2026-02-21 21:03:22  |t č. 9-10  |w 2026-02-21  |y PREZ 
952 |0 0  |1 0  |4 0  |7 0  |8 0  |a SNK  |b SNK  |d 2014-05-14  |f 1  |i snk2014/11331  |l 0  |o snkČSC 500/9[8]/2009  |p 17A1088040  |r 2026-02-21 21:03:22  |t č. 11-12  |w 2026-02-21  |y PREZ 
952 |0 0  |1 0  |4 0  |7 0  |8 0  |a SNK  |b SNK  |d 2014-05-14  |i snk2014/11333  |l 0  |o snkČSC 500/9[8]/2009 D1  |p 17A1088041  |r 2026-02-21 21:03:22  |t č. 11-12  |w 2026-02-21  |y PREZ 
952 |0 0  |1 0  |4 0  |7 0  |8 0  |a SNK  |b SNK  |d 2014-05-14  |f 1  |i snk2014/11342  |l 0  |o snkČSC 500/10[9]/2010  |p 17A1088042  |r 2026-02-21 21:03:22  |t č. 13-14  |w 2026-02-21  |y PREZ 
952 |0 0  |1 0  |4 0  |7 0  |8 0  |a SNK  |b SNK  |d 2014-05-14  |i snk2014/11343  |l 0  |o snkČSC 500/10[9]/2010 D1  |p 17A1088043  |r 2026-02-21 21:03:22  |t č. 13-14  |w 2026-02-21  |y PREZ 
952 |0 0  |1 0  |4 0  |7 0  |8 0  |a SNK  |b SNK  |d 2014-05-14  |f 1  |i snk2014/11344  |l 0  |o snkČSC 500/11/2011  |p 17A1088044  |r 2026-02-21 21:03:22  |t č. 15-16  |w 2026-02-21  |y PREZ 
952 |0 0  |1 0  |4 0  |7 0  |8 0  |a SNK  |b SNK  |d 2014-05-14  |i snk2014/11345  |l 0  |o snkČSC 500/11/2011 D1  |p 17A1088045  |r 2026-02-21 21:03:22  |t č. 15-16  |w 2026-02-21  |y PREZ 
952 |0 0  |1 0  |4 0  |7 0  |8 0  |a SNK  |b SNK  |d 2014-05-14  |f 1  |i snk2014/11346  |l 0  |o snkČSC 500/12/2012  |p 17A1088046  |r 2026-02-21 21:03:22  |t č. 17-18  |w 2026-02-21  |y PREZ 
952 |0 0  |1 0  |4 0  |7 0  |8 0  |a SNK  |b SNK  |d 2014-05-14  |i snk2014/11347  |l 0  |o snkČSC 500/12/2012 D1  |p 17A1088047  |r 2026-02-21 21:03:27  |t č. 17-18  |w 2026-02-21  |y PREZ 
952 |0 0  |1 0  |4 0  |7 0  |8 0  |a SNK  |b SNK  |d 2014-05-14  |f 1  |i snk2014/11350  |l 0  |o snkČSC 500/13/2013  |p 17A1088048  |r 2026-02-21 21:03:28  |t č. 19-20  |w 2026-02-21  |y PREZ 
952 |0 0  |1 0  |4 0  |7 0  |8 0  |a SNK  |b SNK  |d 2014-05-14  |i snk2014/11351  |l 0  |o snkČSC 500/13/2013 D1  |p 17A1088049  |r 2026-02-21 21:03:28  |t č. 19-20  |w 2026-02-21  |y PREZ 
952 |0 0  |1 0  |4 0  |7 0  |8 0  |a SNK  |b SNK  |d 2014-05-13  |f 1  |i snk2014/11224  |l 0  |o snkČSC 500/4/2004  |p 17A1088030  |r 2026-02-21 21:03:30  |t č. 1-2  |w 2026-02-21  |y PREZ 
952 |0 0  |1 0  |4 0  |7 0  |8 0  |a SNK  |b SNK  |d 2014-05-13  |i snk2014/11227  |l 0  |o snkČSC 500/4/2004 D1  |p 17A1088031  |r 2026-02-21 21:03:30  |t č. 1-2  |w 2026-02-21  |y PREZ 
952 |0 0  |1 0  |4 0  |7 0  |8 3  |a SNK  |b SNK  |d 2014-05-19  |f 1  |i snkK 882/1989  |l 0  |o snkČSC 500/1969  |p 17A0734360  |r 2026-02-21 21:03:31  |t č. 1-6, neúplné  |w 2026-02-21  |y PREZ  |z chýba č. 2-6 
952 |0 0  |1 0  |4 0  |7 0  |a SNK  |b SNK  |d 2014-05-19  |f 1  |i snk 1391/1950  |l 0  |o snkČSC 500/3/1950  |p 17A0734361  |r 2026-02-21 21:03:31  |t č. 1-12  |w 2026-02-21  |y PREZ 
952 |0 0  |1 0  |4 0  |7 0  |a SNK  |b SNK  |d 2014-05-19  |f 1  |i snk 479/1950  |l 0  |o snkČSC 500/2/1949  |p 17A0734362  |r 2026-02-21 21:03:31  |t č. 1-12  |w 2026-02-21  |y PREZ 
952 |0 0  |1 0  |4 0  |7 0  |a SNK  |b SNK  |d 2014-05-19  |f 1  |i snk 14/1950  |l 0  |o snkČSC 500/1/1948  |p 17A0734363  |r 2026-02-21 21:03:31  |t č. 1-12  |w 2026-02-21  |y PREZ 
952 |0 0  |1 0  |4 0  |7 0  |8 0  |a SNK  |b SNK  |d 2017-05-30  |f 1  |i snk2017/12482  |l 0  |o snkČSC 500/14/2014  |p 17A1207400  |r 2026-02-21 22:17:51  |t č. 21-22  |w 2026-02-21  |y PREZ 
952 |0 0  |1 0  |4 0  |7 0  |8 0  |a SNK  |b SNK  |d 2017-05-30  |f 1  |i snk2017/12483  |l 0  |o snkČSC 500/15/2015  |p 17A1207401  |r 2026-02-21 22:17:51  |t č. 23  |w 2026-02-21  |y PREZ 
952 |0 0  |1 0  |4 0  |7 0  |8 0  |a SNK  |b SNK  |d 2017-05-30  |f 1  |i snk2017/12484  |l 0  |o snkČSC 500/16/2016  |p 17A1207402  |r 2026-02-21 22:17:51  |t č. 24-25  |w 2026-02-21  |y PREZ 
952 |0 0  |1 0  |4 0  |7 0  |8 0  |a SNK  |b SNK  |d 2017-05-30  |i snk2017/12485  |l 0  |o snkČSC 500/14/2014 D1  |p 17A1207403  |r 2026-02-21 22:17:52  |t č. 21-22  |w 2026-02-21  |y PREZ 
952 |0 0  |1 0  |4 0  |7 0  |8 0  |a SNK  |b SNK  |d 2017-05-30  |i snk2017/12486  |l 0  |o snkČSC 500/15/2015 D1  |p 17A1207404  |r 2026-02-21 22:17:55  |t č. 23  |w 2026-02-21  |y PREZ 
952 |0 0  |1 0  |4 0  |7 0  |8 0  |a SNK  |b SNK  |d 2017-05-30  |i snk2017/12489  |l 0  |o snkČSC 500/16/2016 D1  |p 17A1207405  |r 2026-02-21 22:17:55  |t č. 24-25  |w 2026-02-21  |y PREZ